| 000 | 00383cam a2200157ua 4500 | ||
|---|---|---|---|
| 041 |
_aeng _h |
||
| 082 |
_a828.09 _bMIL/CH |
||
| 100 | _aMiller, Hillis . | ||
| 245 |
_aCharles Dickens / _cHillis Miller. _hTextual Documents |
||
| 250 |
_a1 / _b. |
||
| 260 |
_aLondon : _bHarward University Press , _c1959. |
||
| 300 | _a346 ; . | ||
| 504 | _a | ||
| 942 | _cBK | ||
| 999 |
_c6661 _d6661 |
||